President's five- year review and annual report 1968 (Record no. 500971)

000 -LEADER
fixed length control field 00318cam a22001097a 4500
008 - FIXED-LENGTH DATA ELEMENTS--GENERAL INFORMATION
fixed length control field 180718b xxu||||| |||| 00| 0 eng d
082 ## - DEWEY DECIMAL CLASSIFICATION NUMBER
Classification number T465106x73 R591a/1968
245 ## - TITLE STATEMENT
Title President's five- year review and annual report 1968
260 ## - PUBLICATION, DISTRIBUTION, ETC.
Place of publication, distribution, etc. New York
Name of publisher, distributor, etc. The Bookseller Foundation
Date of publication, distribution, etc.
300 ## - PHYSICAL DESCRIPTION
Extent 201p.
650 ## - SUBJECT ADDED ENTRY--TOPICAL TERM
Topical term or geographic name entry element Annual review
Holdings
Withdrawn status Lost status Damaged status Not for loan Permanent Location Current Location Date acquired Full call number Barcode Date last seen Price effective from Koha item type
        Indian Institute of Public Administration Indian Institute of Public Administration 2018-08-04 T465106x73 R591a/1968 GR8449 2018-08-04 2018-08-04 GR

Powered by Koha